| 000 | 00609nam a2200169Ia 4500 | ||
|---|---|---|---|
| 008 | 090711s9999 xx 000 0 und d | ||
| 082 | _b246 | ||
| 100 | _aजाधव रा. ग. / गुंडी नीलिमा | ||
| 245 | _aSौतन्यवेल | ||
| 260 |
_bस्नेहवर्धन प्रकाशन _c1998 |
||
| 300 | _a128 | ||
| 600 | _aजाधव रा. ग. / गुंडी नीलिमा | ||
| 630 | _aSौतन्यवेल | ||
| 700 | _aजाधव रा. ग. / गुंडी नीलिमा | ||
| 730 | _aSौतन्यवेल | ||
| 942 | _cBOOK | ||
| 999 |
_c335166 _d335166 |
||